Organic chemistry: Methane to macromolecules (Record no. 24724)

MARC details
000 -LEADER
fixed length control field 00326nam a2200121Ia 4500
082 ## - DEWEY DECIMAL CLASSIFICATION NUMBER
Classification number 547
Item number ROB
100 ## - MAIN ENTRY--AUTHOR NAME
Personal name Roberts, John D
245 #0 - TITLE STATEMENT
Title Organic chemistry: Methane to macromolecules
260 ## - PUBLICATION, DISTRIBUTION, ETC. (IMPRINT)
Place of publication California
Name of publisher W A Benjamin
Year of publication 1971
650 ## - SUBJECT ADDED ENTRY--TOPICAL TERM
Topical Term Organic chemistry
942 ## - ADDED ENTRY ELEMENTS (KOHA)
Koha item type Books
Holdings
Withdrawn status Lost status Damaged status Not for loan Home library Current library Date acquired Cost, normal purchase price Full call number Accession Number Koha item type
        RRII Library RRII Library 16/12/2021 73.00 547 ROB 05396 Books